| 000 | 00566nam a2200205Ia 4500 | ||
|---|---|---|---|
| 003 | IN-BaIIA | ||
| 008 | 211028s9999 xx 000 0 eng d | ||
| 020 | _a671-20380-0 | ||
| 040 | _cIIA Library | ||
| 080 |
_a[8]:01:00 _bDAV |
||
| 100 |
_aDavis, Nuel Pharr _98650 |
||
| 245 | 0 |
_aLawrence and oppenheimer _cN. P. Davis |
|
| 260 |
_aNew York _bSimon and Schuster _c1969 |
||
| 300 | _a384p. | ||
| 500 | _aDontated by Mr. Bappu | ||
| 650 |
_a Biography - Lawrence _98651 |
||
| 650 |
_a Biography - Oppenheimer _98652 |
||
| 650 | _aNASA thesaurus | ||
| 942 | _cBK | ||
| 999 |
_c4847 _d4847 |
||